Hlavné smery slovenského strojárstva

Hlavné smery a návrhy systémov podpory konkrétnych záujmov v Návrhu technicko-inovačnej politiky v strojárstve, ktorý predložilo MH SR na rokovanie vlády. Predložený materiál sa zaoberá technickou politikou ako súčasťou stratégie rozvoja priemyslu. Šesť hlavných smerov výskumu a vývoja.

Na minha lista:
Detalhes bibliográficos
Autor principal: Šucha, Jozef
Formato: Capítulo de Livro
Idioma:eslovaco
Assuntos:
Tags: Adicionar Tag
Sem tags, seja o primeiro a adicionar uma tag!

MARC

LEADER 00000naa a2200000 4500
001 r027161
005 20230825080453.2
041 0 |a slo 
044 |a SK 
245 1 0 |a Hlavné smery slovenského strojárstva  |c Jozef Šucha 
520 |a Hlavné smery a návrhy systémov podpory konkrétnych záujmov v Návrhu technicko-inovačnej politiky v strojárstve, ktorý predložilo MH SR na rokovanie vlády. Predložený materiál sa zaoberá technickou politikou ako súčasťou stratégie rozvoja priemyslu. Šesť hlavných smerov výskumu a vývoja. 
610 2 0 |a priemysel strojársky 
610 2 0 |a politika technická 
610 2 0 |a Slovensko 
610 2 0 |a politika priemyselná 
610 2 0 |a inovácia 
610 2 0 |a výskum 
610 2 0 |a vývoj 
610 2 0 |a programy vládne 
100 1 |a Šucha, Jozef